| 000 | 00366nam a22001457a 4500 | ||
|---|---|---|---|
| 999 |
_c7977 _d7977 |
||
| 003 | OSt | ||
| 005 | 20200612124308.0 | ||
| 008 | 200612b ||||| |||| 00| 0 eng d | ||
| 020 | _a9780500342664 | ||
| 082 |
_a720.922 _bSHO |
||
| 100 | _a Shop (Firm) | ||
| 245 | _aSHoP architects : out of practice | ||
| 260 |
_aLondon _bThames & Hudson _cMarch 1, 2012 |
||
| 942 | _2ddc | ||